MARC details
| 000 -CABECERA |
| campo de control de longitud fija |
00824nam a2200205 a 4500 |
| 001 - NÚMERO DE CONTROL |
| campo de control |
000039200 |
| 005 - FECHA Y HORA DE LA ÚLTIMA TRANSACCIÓN |
| campo de control |
20201002031536.0 |
| 008 - DATOS DE LONGITUD FIJA--INFORMACIÓN GENERAL |
| campo de control de longitud fija |
130611s2004 dr 000 0 spa d |
| 020 ## - NÚMERO INTERNACIONAL ESTÁNDAR DEL LIBRO |
| Número Internacional Estándar del Libro |
8400082249 |
| 040 ## - FUENTE DE LA CATALOGACIÓN |
| Centro catalogador/agencia de origen |
DO-SdBNP |
| Lengua de catalogación |
spa |
| Centro/agencia transcriptor |
BNPHU |
| 100 1# - ENTRADA PRINCIPAL--NOMBRE DE PERSONA |
| Nombre de persona |
Pego Puigbó, Armando |
| 9 (RLIN) |
65387 |
| 245 13 - MENCIÓN DE TÍTULO |
| Título |
El renacimiento espiritual : |
| Resto del título |
introducción literaria a los tratados de oración españoles (1520-1566) / |
| Mención de responsabilidad, etc. |
Armando Pego Puigbó. |
| 260 ## - PUBLICACIÓN, DISTRIBUCIÓN, ETC. |
| Lugar de publicación, distribución, etc. |
Madrid : |
| Nombre del editor, distribuidor, etc. |
Instituto de la Lengua Española, (CSIC), |
| Fecha de publicación, distribución, etc. |
2004. |
| 300 ## - DESCRIPCIÓN FÍSICA |
| Extensión |
222 p. ; |
| Dimensiones |
24 cm. |
| 490 1# - MENCIÓN DE SERIE |
| Mención de serie |
Anejos de Revista de literatura |
| Designación de volumen o secuencia |
61 |
| 504 ## - NOTA DE BIBLIOGRAFÍA, ETC. |
| Nota de bibliografía, etc. |
Bibliografía : p. 207-22 |
| 504 ## - NOTA DE BIBLIOGRAFÍA, ETC. |
| Nota de bibliografía, etc. |
Incluye referencias bibliográficas y notas al pie de las páginas |
| 710 2# - PUNTO DE ACCESO ADICIONAL--NOMBRE DE ENTIDAD CORPORATIVA |
| Nombre de entidad corporativa o nombre de jurisdicción como elemento de entrada |
Instituto de la Lengua Española, (CSIC), |
| 9 (RLIN) |
65388 |
| 830 #0 - PUNTO DE ACCESO ADICIONAL DE SERIE-TÍTULO UNIFORME |
| Título uniforme |
Anejos de Revista de literatura ; |
| Designación de volumen o secuencia |
61 |
| 9 (RLIN) |
15426 |